| 000 | 00933 a2200205 4500 | ||
|---|---|---|---|
| 005 | 20080917121750.0 | ||
| 008 | 080917t xxu||||| |||| 00| 0 eng d | ||
| 010 | _aENG-87793 | ||
| 020 | _c125.00 | ||
| 035 | _aEN-71326 | ||
| 037 | _bD.B.Act / Pub | ||
| 082 | _a658.3 | ||
| 100 | _aSubba Rao, P. | ||
| 245 |
_aHuman resource development-BBM _cby P. Subba Rao _bas per new syllabus of subject human resource management of sixth semester, 3rd year BBM, Bangalore University |
||
| 260 |
_aMumbai _bHimalaya Publishing House _c2007 |
||
| 270 |
_a"Ramdoot", Dr. Bhalerao Marg, (Kelewadi), Girgaon _bMumbai _e400 004 _k022-23860170, 022-23863863 _mhimpub@vsnl.com |
||
| 300 |
_a193 p. _c24 cm. (Pbk) |
||
| 942 |
_adpl _cEN _k658.3 / SUB _2ddc _h658.3 _mSUB |
||
| 999 |
_c6952 _d6952 |
||